000 00861nam a2200229Ii 4500
003 JO-AjNU
008 230605s9999||||xx |||||||||||||| ||und||
017 _a2011/10/3978
020 _a978-9957-70-553-4
040 _aJO-AjNU
_bara
_erda
_cJO-AjNU
041 _aara
050 1 4 _aP121 2012
100 3 _aحايلا ، محمد تأليف,
_eauthor
_943317
245 0 0 _aنسق اللغة:فرضيات التكوين وإشكالات الصيرورة(تمهيد لنظرية لغوية في علم الأصول )
250 _aط1
264 3 1 _aاربد:عالم الكتب الحديث للنشر والتوزيع,2012
300 _a224ص
336 _atext
_btxt
_2rdacontent
337 _aunmediated
_bn
_2rdamedia
338 _avolume
_bnc
_2rdacarrier
650 4 _aاللغة-نسق اللغة-نظرية لغوية في علم الاصول
_943318
999 _aA18614
_c22182
_d22182